ミリオンマグス学園の寮分け - Statistics

General Stats
  • This quiz has been taken 2 times
  • The average score is 24 of 52
Answer Stats
Question Answer % Correct
天海春香 魔瞳の大鷲
100%
如月千早 水晶蹄の馬
100%
萩原雪歩 魔瞳の大鷲
100%
高槻やよい 堅牢の大蛇
100%
菊地真 水晶蹄の馬
100%
四条貴音 水晶蹄の馬
100%
双海亜美 魔瞳の大鷲
100%
双海真美 堅牢の大蛇
100%
星井美希 夢想の鯨
50%
水瀬伊織 水晶蹄の馬
50%
秋月律子 夢想の鯨
50%
我那覇響 水晶蹄の馬
50%
春日未来 堅牢の大蛇
50%
最上静香 魔瞳の大鷲
50%
伊吹翼 夢想の鯨
50%
所恵美 夢想の鯨
50%
箱崎星梨花 魔瞳の大鷲
50%
望月杏奈 堅牢の大蛇
50%
ロコ 堅牢の大蛇
50%
七尾百合子 魔瞳の大鷲
50%
松田亜利沙 水晶蹄の馬
50%
中谷育 堅牢の大蛇
50%
天空橋朋花 魔瞳の大鷲
50%
エミリー 夢想の鯨
50%
北沢志保 魔瞳の大鷲
50%
矢吹可奈 夢想の鯨
50%
二階堂千鶴 魔瞳の大鷲
50%
馬場このみ 魔瞳の大鷲
50%
大神環 堅牢の大蛇
50%
豊川風花 水晶蹄の馬
50%
宮尾美也 夢想の鯨
50%
福田のり子 堅牢の大蛇
50%
真壁瑞希 水晶蹄の馬
50%
篠宮可憐 夢想の鯨
50%
百瀬莉緒 魔瞳の大鷲
50%
永吉昴 堅牢の大蛇
50%
北上麗花 堅牢の大蛇
50%
周防桃子 堅牢の大蛇
50%
ジュリア 堅牢の大蛇
50%
桜守歌織 夢想の鯨
50%
三浦あずさ 水晶蹄の馬
0%
田中琴葉 魔瞳の大鷲
0%
島原エレナ 魔瞳の大鷲
0%
佐竹美奈子 魔瞳の大鷲
0%
徳川まつり 夢想の鯨
0%
野々原茜 水晶蹄の馬
0%
高山紗代子 水晶蹄の馬
0%
高坂海美 水晶蹄の馬
0%
舞浜歩 夢想の鯨
0%
木下ひなた 夢想の鯨
0%
横山奈緒 夢想の鯨
0%
白石紬 水晶蹄の馬
0%
No matching quizzes found
Score Distribution
Percent of People with Each Score
Percentile by Number Answered
Your Score History
You have not taken this quiz